000 00378nam a2200133Ia 4500
008 220217s9999||||xx |||||||||||||| ||und||
020 _a81-224-0345-X
082 _a621.317 GEI
100 _aGelder, Erich Reiter, Karl Heinz
_93967
245 0 _aSiemens:the transistor
260 _aWiley eastern limited
_bNew Delhi
_c1991
300 _b40
650 _aELECTRICAL SCIENCE
999 _c173286
_d173286